Quiz sur le Pays Basque - Statistiques

Statistiques générales
  • Ce quiz a été pris 453 fois
  • Le résultat moyen est 8 sur 14
Statistiques - réponses
Question Réponse % Correct
Ville ayant donné son nom à une variété de piments Espelette
91%
Ville connu mondialement pour accueillir les fêtes de San Fermín Pampelune
85%
Club de rugby de Bayonne L'Aviron Bayonnais
81%
Ville portant le nom d'un des plus célèbres tableaux de Pablo Picasso Guernica
73%
Equipe de foot de San Sébastien La Real Sociedad
70%
Joueur basque de l'équipe de France de foot championne du monde en 1998 Bixente Lizarazu
69%
Rivière faisant la frontière entre le Pays Basque et les Landes L'Adour
63%
Chant devenu une référence dans tout le pays basque et au-delà, commençant par "Si je lui avais coupé les ailes. Elle aurait été mienne" en traduisant en français Hegoak
60%
Jeu de carte traditionnelle Mus
50%
Capital Vitoria-Gasteiz
41%
Nom donné au drapeau basque ikurriña
40%
Variant basque des tapas Pintxos
40%
Groupe de trikitixa-rock des plus populaires du Pays Basque connu notamment grâce au titre "Aldapan Gora" Huntza
38%
Spécialité de la pelote basque jouée en Jai Alai et exportée dans les Casino en Floride Cesta Punta
28%
Aucun quiz correspondant
Distribution des résultats
% des personnes avec chaque résultat
Percentile par nombre de réponses
Votre historique - résultats
Vous n’avez pas pris ce quiz